000 00672nam a2200217Ii 4500
003 JO-AjNU
008 230605s9999||||xx |||||||||||||| ||und||
017 _a2014/11/5177
040 _aJO-AjNU
_bara
_erda
_cJO-AjNU
041 _aara
050 1 4 _aPJ7952.U738.D35 2015
100 3 _aنصير، عبدالمجيد,
_eauthor
_948460
245 0 0 _aالدل الناعس: ديوان شعر
250 _aط2
264 3 1 _aعمان:وزارة الثقافة،2015
300 _a92ص
336 _atext
_btxt
_2rdacontent
337 _aunmediated
_bn
_2rdamedia
338 _avolume
_bnc
_2rdacarrier
650 4 _aالشعر العربي - العصر الحديث
_948461
999 _aA21224
_c24792
_d24792